<?xml version="1.0" encoding="UTF-8"?>
<record
    xmlns:xsi="http://www.w3.org/2001/XMLSchema-instance"
    xsi:schemaLocation="http://www.loc.gov/MARC21/slim http://www.loc.gov/standards/marcxml/schema/MARC21slim.xsd"
    xmlns="http://www.loc.gov/MARC21/slim">

  <leader>00452nam a2200169Ia 4500</leader>
  <controlfield tag="005">20260121165313.0</controlfield>
  <controlfield tag="008">260121s9999    xx            000 0 und d</controlfield>
  <datafield tag="020" ind1=" " ind2=" ">
    <subfield code="a">978-93-95664-48-6</subfield>
  </datafield>
  <datafield tag="041" ind1=" " ind2=" ">
    <subfield code="a">mar</subfield>
  </datafield>
  <datafield tag="082" ind1=" " ind2=" ">
    <subfield code="a">294.5</subfield>
  </datafield>
  <datafield tag="100" ind1=" " ind2=" ">
    <subfield code="a">&#x915;&#x941;&#x902;&#x91F;&#x947;,&#x936;&#x930;&#x926;</subfield>
  </datafield>
  <datafield tag="245" ind1=" " ind2=" ">
    <subfield code="a">&#x938;&#x902;&#x938;&#x94D;&#x915;&#x93E;&#x930; &#x915;&#x925;&#x93E;</subfield>
  </datafield>
  <datafield tag="250" ind1=" " ind2=" ">
    <subfield code="a">1</subfield>
  </datafield>
  <datafield tag="260" ind1=" " ind2=" ">
    <subfield code="b">&#x92D;&#x93E;&#x930;&#x924;&#x940;&#x92F; &#x935;&#x93F;&#x91A;&#x93E;&#x930; &#x938;&#x93E;&#x927;&#x928;&#x93E; &#x92A;&#x941;&#x923;&#x947;</subfield>
    <subfield code="c">2024</subfield>
  </datafield>
  <datafield tag="300" ind1=" " ind2=" ">
    <subfield code="a">216</subfield>
  </datafield>
  <datafield tag="650" ind1=" " ind2=" ">
    <subfield code="a">Genral</subfield>
  </datafield>
  <datafield tag="999" ind1=" " ind2=" ">
    <subfield code="c">369997</subfield>
    <subfield code="d">369997</subfield>
  </datafield>
  <datafield tag="952" ind1=" " ind2=" ">
    <subfield code="0">0</subfield>
    <subfield code="1">0</subfield>
    <subfield code="4">0</subfield>
    <subfield code="7">0</subfield>
    <subfield code="a">MNVT</subfield>
    <subfield code="b">MNVT</subfield>
    <subfield code="d">2025-04-25</subfield>
    <subfield code="e">BVS</subfield>
    <subfield code="g">140.00</subfield>
    <subfield code="i">Ho/IN/603</subfield>
    <subfield code="l">0</subfield>
    <subfield code="o">294.5/KUT/B2204</subfield>
    <subfield code="p">MNVT-BK-2204</subfield>
    <subfield code="r">2026-01-21 11:23:13</subfield>
    <subfield code="v">200.00</subfield>
    <subfield code="w">2025-03-18</subfield>
    <subfield code="y">BK</subfield>
    <subfield code="z">B2204</subfield>
  </datafield>
</record>
